| 000 | 00488nam a22001817a 4500 | ||
|---|---|---|---|
| 999 |
_c5892 _d5892 |
||
| 003 | GBCCL | ||
| 005 | 20241126110551.0 | ||
| 008 | 180412b ||||| |||| 00| 0 eng d | ||
| 040 | _cgbc | ||
| 082 |
_a248 _bGNA |
||
| 100 |
_aGnanakan, Ken R. _910661 |
||
| 245 |
_aGrowing: _bPractical suggestions for Christian growth / _cKen R. Gnanakan |
||
| 250 | _a2nd print | ||
| 260 |
_aBangalore: _bAuthor, _c1991 |
||
| 300 |
_a59 p.; _c18 cm. |
||
| 650 |
_aChristian life _9183 |
||
| 942 |
_2ddc _cBK _02 |
||